1741 1119 1728 1058 1685 1790 1943 1323 1927 1488 1210 1863 1119 1379 1106 1405 1691 1188 1405 1231 1698 1218 1823 1820 1762 1754 1451 1238 1712 1633 1332 1665 1564 1442 1098 1057 1695 1436 1818 1266 1562 1551 1636 1584 1407 1165 1256 1762 1682 1788 1879 1577 1122 1089 1267 1519 1375 1844 1860 1359 1645 1004 1354 1721 1972 1816 1355 1422 1405 1417 1868 1502 1005 1255 1773 1131 1138 1318 1903 1528 1548 1724 1737 1380 1659 1814 1732 1770 1661 1603 1640 1850 1870 1271 1207 1647 1143 1658 1517 BCNSPRNW ULIB Ver.6.0+V

เปลี่ยนเป็นภาษาไทย

Change to English
 แสดงรายละเอียดบรรณานุกรม
  กลับหน้าหลัก

Brief Record : Get Marc (ISO 2709) : E-mail record : QR code < ปิดหน้าต่าง
LEADER : 00000nam 2200000uu 4500
001    13399115071
003     ULIB
008    120709s2547||||th 000 0 tha d
020    ^a9789749240472
050  4 ^aนว ^bย232 2547
100 0  ^aยาขอบ
240 10 ^a[สามก๊ก]
245 10 ^aกวนอู :^bเทพเจ้าแห่งความสัตย์ซื้อ/^cยาขอบ
250    ^aพิมพ์ครั้งที่ 16
260    ^aกรุงเทพฯ :^bดอกหญ้า 2545 ;^c2547
300    ^a158 หน้า :^bภาพประกอบ ;^c21 ซม.
440  0 ^aสามก๊กฉบับวณิพก
650  4 ^aพงศาวดารจีน
650  4 ^aวรรณกรรมกับประวัติศาสตร์^zจีน
650  4 ^aวรรณกรรมจีน
650  4 ^aสามก๊ก^xตัวละครและลักษณะนิสัย
653    ^aกวนอู
945    ^p0^l0^i15399
995    ^aกัณชพร
999    ^aใช้งานได้ทุกระบบ
รายการนี้ยังไม่มีแท็ก
คุณยังไม่ได้ล็อกอิน คุณสามารถมีกิจกรรมร่วมกับเว็บไซต์ได้ แต่ต้องล็อกอินก่อน ::
  ล็อกอิน

รายการสื่อสารสนเทศ

ลำดับที่ ประเภท เลขเรียก/บาร์โค้ด สถานที่ สถานะ
1. วิทยาศาสตร์การแพทย์ และสุขภาพ
วิทยาศาสตร์การแพทย์ และสุขภาพ
นว ย232 2547  
  Barcode: 15399
ห้องสมุดวิทยาเขตสวรรค์ประชารักษ์
►นวนิยาย
บนชั้น
  ขอยืม

รายการใกล้เคียง
    ผู้แต่ง [ยาขอบ]

    หัวเรื่อง [พงศาวดารจีน]
    หัวเรื่อง [วรรณกรรมจีน]

BibComment


ยังไม่เคยถูกคอมเมนท์

คอมเมนท์ทรัพยากรรายการนี้
  คอมเมนท์: กวนอู เทพเจ้าแห..


 Copyright 2026. Bcnsprnw @Library